<?xml version="1.0" encoding="UTF-8"?>
<record
    xmlns:xsi="http://www.w3.org/2001/XMLSchema-instance"
    xsi:schemaLocation="http://www.loc.gov/MARC21/slim http://www.loc.gov/standards/marcxml/schema/MARC21slim.xsd"
    xmlns="http://www.loc.gov/MARC21/slim">

  <leader>01205nam a22001697a 4500</leader>
  <controlfield tag="003">SGT</controlfield>
  <datafield tag="020" ind1=" " ind2=" ">
    <subfield code="a">9788175545335</subfield>
  </datafield>
  <datafield tag="082" ind1=" " ind2=" ">
    <subfield code="a">658.45,DEN</subfield>
  </datafield>
  <datafield tag="100" ind1=" " ind2=" ">
    <subfield code="a">DENNY,RICHARD</subfield>
  </datafield>
  <datafield tag="245" ind1=" " ind2=" ">
    <subfield code="a">COMMUNICATE TO WIN</subfield>
  </datafield>
  <datafield tag="250" ind1=" " ind2=" ">
    <subfield code="a">2ND</subfield>
  </datafield>
  <datafield tag="260" ind1=" " ind2=" ">
    <subfield code="a">NEW DELHI</subfield>
    <subfield code="b">KOGAN PAGE INDIA PRIVATE LIMITED</subfield>
    <subfield code="c">2011</subfield>
  </datafield>
  <datafield tag="300" ind1=" " ind2=" ">
    <subfield code="a">147</subfield>
  </datafield>
  <datafield tag="650" ind1=" " ind2=" ">
    <subfield code="a">EXECUTIVE MANAGEMENT</subfield>
  </datafield>
  <datafield tag="653" ind1=" " ind2=" ">
    <subfield code="a">CHAPTER - 00: INTRODUCTION; SECTION - ONE: COMMUNICATION SKILLS; CHAPTER - 01: THE IMPORTANCE OF COMMUNICATION; CHAPTER - 02: INTERPERSONAL COMMUNICATION; CHAPTER - 03: HELPING PEOPLE TO LIKE YOU; CHAPTER - 04: DEALING WITH PEOPLE; CHAPTER - 05: GIVING AND TAKING INSTRUCTION EFFECTIVELY; CHAPTER - 06: BODY LANGUAGE; CHAPTER - 07: WRITTEN COMMUNICATION: THE MOST DANGEROUS FORM OF COMMUNICATION; CHAPTER - 08: TELEPHONE COMMUNICATION; CHAPTER - 09: MEETINGS; SECTION - TWO: PRESENTING TO WIN; CHAPTER - 10: PRESENTATION SKILLS; CHAPTER - 11: NERVOUS TENSION; CHAPTER - 12: PREPARATION; CHAPTER - 13: CONTENT; CHAPTER - 14: YOUR AUDIENCE; CHAPTER - 15: VISUAL AIDS; CHAPTER - 16: YOUR APPEARANCE &amp; ATTITUDE; CHAPTER - 17: DELIVERY; CHAPTER - 18: DEVELOP GOOD HABITS; CHAPTER - 19: DITCH THE BAD HABITS; CHAPTER - 20: QUESTIONS</subfield>
  </datafield>
  <datafield tag="942" ind1=" " ind2=" ">
    <subfield code="2">ddc</subfield>
    <subfield code="c">FCM</subfield>
    <subfield code="0">1</subfield>
  </datafield>
  <datafield tag="952" ind1=" " ind2=" ">
    <subfield code="0">0</subfield>
    <subfield code="1">0</subfield>
    <subfield code="2">ddc</subfield>
    <subfield code="4">0</subfield>
    <subfield code="7">0</subfield>
    <subfield code="8">CM</subfield>
    <subfield code="a">SSSL</subfield>
    <subfield code="b">SSSL</subfield>
    <subfield code="c">DISPLAY</subfield>
    <subfield code="d">2016-06-14</subfield>
    <subfield code="e">IBH </subfield>
    <subfield code="g">225.00</subfield>
    <subfield code="i">SGTU</subfield>
    <subfield code="l">6</subfield>
    <subfield code="o">658.45,DEN</subfield>
    <subfield code="p">CM50</subfield>
    <subfield code="r">2024-07-11 00:00:00</subfield>
    <subfield code="s">2024-07-11</subfield>
    <subfield code="w">2015-08-30</subfield>
    <subfield code="y">FCM</subfield>
    <subfield code="k">9475</subfield>
  </datafield>
  <datafield tag="999" ind1=" " ind2=" ">
    <subfield code="c">8990</subfield>
    <subfield code="d">8990</subfield>
  </datafield>
</record>
